Beyond Macroeconomic Stability : The Quest for Industrialization in Uganda /

Uganda has registered one of the most impressive economic turnarounds of recent decades. The amelioration of conflict and wide ranging economic reforms kick-started rapid economic growth that has now been sustained for some 20 years. But there is a strong sense in policy making circles that despite...

Celý popis

Podrobná bibliografie
Hlavní autor: Selassie, Abebe Aemro
Médium: Časopis
Jazyk:English
Vydáno: Washington, D.C. : International Monetary Fund, 2008.
Edice:IMF Working Papers; Working Paper ; No. 2008/231
On-line přístup:Full text available on IMF
LEADER 01727cas a2200241 a 4500
001 AALejournalIMF005378
008 230101c9999 xx r poo 0 0eng d
020 |c 5.00 USD 
020 |z 9781451870893 
022 |a 1018-5941 
040 |a BD-DhAAL  |c BD-DhAAL 
100 1 |a Selassie, Abebe Aemro. 
245 1 0 |a Beyond Macroeconomic Stability :   |b The Quest for Industrialization in Uganda /  |c Abebe Aemro Selassie. 
264 1 |a Washington, D.C. :  |b International Monetary Fund,  |c 2008. 
300 |a 1 online resource (43 pages) 
490 1 |a IMF Working Papers 
500 |a <strong>Off-Campus Access:</strong> No User ID or Password Required 
500 |a <strong>On-Campus Access:</strong> No User ID or Password Required 
506 |a Electronic access restricted to authorized BRAC University faculty, staff and students 
520 3 |a Uganda has registered one of the most impressive economic turnarounds of recent decades. The amelioration of conflict and wide ranging economic reforms kick-started rapid economic growth that has now been sustained for some 20 years. But there is a strong sense in policy making circles that despite macroeconomic stability and reasonably well functioning markets, economic growth has not translated into significant structural transformation. This paper considers (i) Uganda's record of economic transformation relative to the high growth Asian countries and (ii) the contending explanations as to why more transformation and higher growth has proved elusive. 
538 |a Mode of access: Internet 
830 0 |a IMF Working Papers; Working Paper ;  |v No. 2008/231 
856 4 0 |z Full text available on IMF  |u http://elibrary.imf.org/view/journals/001/2008/231/001.2008.issue-231-en.xml  |z IMF e-Library